书目信息 |
| 题名: |
越江海盾构隧道合理覆土厚度
|
|
| 作者: | 袁大军 著 | |
| 分册: | ||
| 出版信息: | 北京 科学出版社 2020.07 |
|
| 页数: | 248页 | |
| 开本: | 24cm | |
| 丛书名: | ||
| 单 册: | ||
| 中图分类: | U455.43 | |
| 科图分类: | ||
| 主题词: | 水下隧道--shui xia sui dao--隧道施工--盾构法--研究 | |
| 电子资源: | ||
| ISBN: | 978-7-03-058323-9 | |
| 000 | 01453nam0 2200265 450 | |
| 001 | CAL 0120203130033 | |
| 005 | 20210111160807.7 | |
| 010 | @a978-7-03-058323-9@b精装@dCNY160.00 | |
| 100 | @a20210111d2020 em y0chiy0120 ea | |
| 101 | 0 | @achi |
| 102 | @aCN@b110000 | |
| 105 | @aak a 000yy | |
| 106 | @ar | |
| 200 | 1 | @a越江海盾构隧道合理覆土厚度@Ayue jiang hai dun gou sui dao he li fu tu hou du@f袁大军著 |
| 210 | @a北京@c科学出版社@d2020.07 | |
| 215 | @a248页@c图@d24cm | |
| 312 | @a英文题名取自封面 | |
| 320 | @a有书目 | |
| 330 | @a越江越海盾构隧道覆土厚度问题, 不仅涉及工程造价, 更是关系到工程安全和运营安全的重大问题。国际上也没有较完整的理论和标准可遵循。越江越海软土隧道一般采用泥水盾构进行施工。由于受到线路线形、地层性能和工程造价制约, 一般要求覆土厚度尽可能薄, 称之为小覆土区间。小覆土区间由于覆土浅, 泥水压力和切削面稳定很难控制, 易引发掘进面泥水喷发, 导致切削面前方地层塌陷和江 (海) 水倒灌等重大事故。本书从盾构泥水劈裂、开挖面稳定控制以及抗浮安全等多方面采用室内土工试验、室内模型试验、现场试验和理论分析等手段, 探究合理覆土厚度问题, 提出了越江海泥水盾构隧道合理覆土厚度的计算模型和方法, 并在南京长江隧道等工程得到了成功应用。 | |
| 510 | 1 | @aReasonable soil and rock cover for crossing-river or subsea shield tunnel@zeng |
| 606 | 0 | @a水下隧道@Ashui xia sui dao@x隧道施工@x盾构法@x研究 |
| 690 | @aU455.43@v5 | |
| 701 | 0 | @a袁大军@Ayuan da jun@4著 |
| 801 | 0 | @aCN@b人天书店@c20210111 |
| 905 | @aTSG@b0002528@dU455.43@eY882@f1 | |
| 越江海盾构隧道合理覆土厚度/袁大军著.-北京:科学出版社,2020.07 |
| 248页:图;24cm |
| ISBN 978-7-03-058323-9(精装):CNY160.00 |
| 越江越海盾构隧道覆土厚度问题, 不仅涉及工程造价, 更是关系到工程安全和运营安全的重大问题。国际上也没有较完整的理论和标准可遵循。越江越海软土隧道一般采用泥水盾构进行施工。由于受到线路线形、地层性能和工程造价制约, 一般要求覆土厚度尽可能薄, 称之为小覆土区间。小覆土区间由于覆土浅, 泥水压力和切削面稳定很难控制, 易引发掘进面泥水喷发, 导致切削面前方地层塌陷和江 (海) 水倒灌等重大事故。本书从盾构泥水劈裂、开挖面稳定控制以及抗浮安全等多方面采用室内土工试验、室内模型试验、现场试验和理论分析等手段, 探究合理覆土厚度问题, 提出了越江海泥水盾构隧道合理覆土厚度的计算模型和方法, 并在南京长江隧道等工程得到了成功应用。 |
| ● |
| 相关链接 |
|
|
|
正题名:越江海盾构隧道合理覆土厚度
索取号:U455.43/Y882
 
预约/预借
| 序号 | 登录号 | 条形码 | 馆藏地/架位号 | 状态 | 备注 |
| 1 | 1533537 | 215335377 | 自科库501/501自科库 55排7列5层/ [索取号:U455.43/Y882] | 在馆 |